2023 NCAA Division II Poll - Statistics

General Stats
  • This quiz has been taken 7 times
  • The average score is 15 of 43
Answer Stats
Answer % Correct
Angelo State
60%
Ferris State
60%
Kutztown
60%
Pittsburg State
60%
Ashland
40%
Bemidji State
40%
Central Missouri
40%
Central Washington
40%
Charleston
40%
Colorado Mines
40%
CSU Pueblo
40%
Delta State
40%
Emporia State
40%
Grand Valley State
40%
Harding
40%
Henderson State
40%
Indianapolis
40%
IUP
40%
Minnesota-Duluth
40%
Northwest Missouri State
40%
Ouachita Baptist
40%
Shepherd
40%
Slippery Rock
40%
Texas A&M-Kingsville
40%
Tiffin
40%
Truman
40%
Western Colorado
40%
West Florida
40%
Assumption
20%
Augustana (SD)
20%
Davenport
20%
Lenoir-Rhyne
20%
Minnesota State
20%
Missouri Western
20%
Newberry
20%
Texas-Permian Basin
20%
Valdosta State
20%
Virginia State
20%
Virginia Union
20%
West Georgia
20%
Wingate
20%
Benedict
0%
Mars Hill
0%
No matching quizzes found
Score Distribution
Percent of People with Each Score
Percentile by Number Answered
Your Score History
You have not taken this quiz